000 00256nam a2200085Ia 4500
245 0 _aThe voluptuous delights of peanut butter and jam
100 _a LIEBENBERG, Lauren London, 2009
_9103026
942 _cBK
008 210817s9999 xx 000 0 und d
999 _c451070
_d451069